Statistics for Top 500 baby girl names Scotland 2020

Click here to take the quiz!

General Stats

  • This quiz has been taken 881 times
  • The average score is 204 of 500

Answer Stats

RankHintAnswer% Correct
2OOlivia
97%
396OOliwia
97%
417LLina
96%
44EEmma
93%
41AAnna
91%
163EEmilie
91%
3EEmily
91%
1IIsla
91%
96AAila
90%
43AAyla
90%
375AAylah
90%
7EElla
90%
421MMary
89%
117EEliza
88%
165LLillie
88%
71LLilly
88%
10LLily
88%
5AAva
87%
376AAyva
87%
97EEve
87%
153HHanna
87%
22HHannah
87%
32MMaya
87%
17MMia
87%
6SSophie
87%
180EElle
86%
42EEva
86%
55RRose
86%
25SSofia
86%
11SSophia
86%
12CCharlotte
85%
8GGrace
85%
150SSara
85%
122SSarah
85%
39IIsabella
84%
220AAimee
82%
439AAmal
82%
115AAmy
82%
87EElizabeth
82%
84LLucie
82%
23LLucy
82%
20EEllie
81%
250LLaura
81%
9AAmelia
80%
35CChloe
80%
300JJess
80%
113MMaria
80%
53AAlice
79%
14MMillie
79%
391MMilly
79%
16RRosie
79%
59ZZoe
79%
73MMollie
78%
49MMolly
78%
18JJessica
77%
415KKatherine
77%
360LLauren
77%
194RRachel
77%
19AAria
76%
344AAriah
76%
143AArya
76%
213CCatherine
76%
390LLia
76%
372AAriya
75%
4FFreya
75%
410FFreyja
75%
27IIvy
75%
70BBella
74%
125EEvelyn
74%
13EEvie
74%
102HHollie
74%
48HHolly
74%
28WWillow
74%
69AAbigail
73%
320EEllen
73%
156VVictoria
73%
343AAlex
72%
437AAlix
72%
75KKatie
72%
105AAnnie
71%
38DDaisy
71%
104RRebecca
71%
95RRosa
71%
207IIsabelle
70%
112JJulia
70%
31EErin
69%
60VViolet
69%
228ZZahra
69%
62ZZara
69%
476AAleksandra
68%
147AAlexandra
68%
178BBeth
68%
190IIsobel
68%
315AAllie
67%
479AAlly
67%
33GGeorgia
67%
176MMaddison
67%
161NNora
67%
169NNorah
67%
366OOlive
67%
144CClara
66%
116EEleanor
66%
389KKlara
66%
114PPenelope
66%
26RRuby
66%
327KKate
65%
108LLola
65%
148AAriana
64%
204AArianna
64%
52EElsie
64%
54GGracie
64%
21HHarper
64%
160LLena
64%
61LLuna
64%
36MMila
64%
77MMyla
64%
37PPoppy
64%
47AAda
63%
118IIris
63%
50AAmber
62%
94FFlorence
62%
365NNatalie
62%
290NNia
62%
257AAlicia
61%
276AAlicja
61%
15MMaisie
61%
235MMaisy
61%
166MMegan
61%
368SSamantha
61%
214EEsther
60%
101FFaith
60%
215LLaila
60%
29LLayla
60%
457LLeyla
60%
119MMadison
60%
277 | 278AAnnabel
59%
145EEdith
59%
261EEsmae
59%
58EEsme
59%
81HHope
59%
83PPhoebe
59%
352EEsmee
58%
453JJade
58%
134LLara
58%
151CCara
57%
302KKara
57%
422NNicole
57%
158BBethany
56%
106GGabriella
56%
89NNina
56%
30OOrla
56%
423OOrlah
56%
98AAbbie
55%
314AAbby
55%
172FFrancesca
55%
154JJasmine
55%
51SSienna
55%
68CCora
54%
445DDanielle
54%
199EElise
54%
140HHarriet
54%
418LLouise
54%
99AAutumn
53%
34BBonnie
53%
355HHelena
53%
120NNaomi
53%
255NNatalia
53%
64SSummer
53%
258AAlyssa
52%
319DDiana
52%
146EElena
52%
175LLana
52%
224MMartha
52%
126RRiley
52%
427RRyleigh
52%
129SSadie
52%
243AAvery
51%
74IImogen
51%
274SStella
51%
203AAddison
50%
109FFlora
50%
299IIndia
50%
305LLouisa
50%
79SScarlett
50%
157AAmelie
49%
212BBelle
49%
127BBrooke
49%
489CCharli
49%
174KKayla
49%
107LLeah
49%
329LLila
49%
103MMatilda
49%
197AAaliyah
48%
419MMadeline
48%
252MMaggie
48%
137PPenny
48%
292VVanessa
48%
434AAlana
47%
435AAlanna
47%
436AAlayna
47%
378CChristina
47%
408DDaniella
47%
45EEmilia
47%
494EErica
47%
384JJosephine
47%
133SSavannah
47%
90AAurora
46%
76EEden
46%
173HHazel
46%
121PPaige
46%
85QQuinn
46%
198AApril
45%
159EEloise
45%
323FFelicity
45%
496GGeorgina
45%
263JJosie
45%
414KKaitlyn
45%
216LLydia
45%
429VVeronica
45%
296AAubrey
44%
405BBrianna
44%
249JJessie
44%
66LLexi
44%
72LLottie
44%
465MMorgan
44%
57NNiamh
44%
111HHeidi
43%
135LLucia
43%
392NNancy
43%
238TTaylor
43%
259CCassie
42%
283DDelilah
42%
282BBrooklyn
41%
256RRobin
41%
46RRobyn
41%
397SSeren
41%
432AAida
40%
100AArabella
40%
281BBeatrice
40%
171CCali
40%
67CCallie
40%
411HHarleigh
40%
80HHarley
40%
324HHarlie
40%
356IIda
40%
455KKali
40%
93PPiper
40%
239TTilly
40%
162CConnie
39%
354GGianna
39%
40HHallie
39%
63IIona
39%
268MMabel
39%
361MMackenzie
39%
393NNell
39%
183PPaisley
39%
56SSkye
39%
205CCaitlin
38%
447EEverly
38%
363MMirha
38%
226NNadia
38%
65TThea
38%
248HHeather
37%
141LLacey
37%
88MMaeve
37%
131BBillie
36%
406CCarly
36%
409EEverleigh
36%
413JJoy
36%
385KKallie
36%
223MMargot
36%
225MMelody
36%
339RRosalie
36%
124DDarcie
35%
167DDarcy
35%
164FFrankie
35%
110GGeorgie
35%
82MMirren
35%
222EEdie
34%
322FFatima
34%
193PPippa
34%
430AAdalyn
33%
431AAdeline
33%
136NNova
33%
395NNovah
33%
272PPayton
33%
184PPeyton
33%
185SSkylar
33%
377CCharlie
32%
152EEmmie
32%
286EEmmy
32%
189HHayley
32%
181KKeira
32%
416KKiera
32%
273SSerena
32%
433AAilie
31%
210AAmira
31%
440AAnastasia
31%
487CCarrie
31%
284EEliana
31%
247FFaye
31%
208LLiliana
31%
254MMarley
31%
337NNeave
31%
209AAisha
30%
229AAnya
30%
132AAoife
30%
287HHailey
30%
328KKendall
30%
251MMacie
30%
217MMacy
30%
308NNeve
30%
426RRosemary
30%
138RRowan
30%
294AAriella
29%
348CCarmen
29%
123HHarlow
29%
92IIndie
29%
500IIndy
29%
472AAdriana
28%
349CCasey
28%
246EElodie
28%
357JJamie
28%
265LLeila
28%
428TTessa
28%
341WWinter
28%
293WWynter
28%
130LLyla
27%
236NNevaeh
27%
142RRiver
27%
340VValentina
27%
316AAmaya
26%
192LLyra
26%
464MMinnie
26%
485BBetsy
25%
488CCecilia
25%
24EEilidh
25%
449GGenevieve
25%
304KKyla
25%
330LLois
25%
195RRhea
25%
241AAmara
24%
373AAthena
24%
139BBlake
24%
275TTalia
24%
242AAnnabelle
23%
260ERElla-Rose
23%
463MMina
23%
312TTabitha
23%
219ZZoey
23%
442ARAva-Rose
22%
206CCleo
22%
191LLibby
22%
234LRLily-Rose
22%
362MMalia
22%
424PPhilippa
22%
78RRemi
22%
231CCiara
21%
253MMara
21%
270MMiley
21%
371AAlma
20%
295AAstrid
20%
407CClaudia
20%
232DDemi
20%
297FFern
20%
149HHalle
20%
168MMarnie
20%
467NNyla
20%
186ARAmelia-Rose
19%
285EEmber
19%
495FFarrah
19%
289MMaryam
19%
155MMya
19%
471TTiana
19%
240ZZainab
19%
187EEffie
18%
469SSylvie
18%
227WWren
18%
280AAurelia
17%
444BBeau
17%
490CChiara
17%
351EREmily-Rose
17%
233KKiara
17%
196SSaoirse
17%
399UUna
17%
170AAilsa
16%
230BBlair
16%
387KKayleigh
16%
288MMaci
16%
86AAlba
15%
211AAnaya
15%
200EEllis
15%
451HHoney
15%
291RRae
15%
477AAlessia
14%
188FFiadh
14%
264LLeia
14%
458LMLilly-Mae
14%
459LMLily-Mae
14%
269MMaia
14%
271NNola
14%
367RRaya
14%
400AAarya
13%
438AAliyah
13%
402AAya
13%
484AAyah
13%
403BRBella-Rose
13%
412IRIsla-Rose
13%
364MMirryn
13%
466MMurren
13%
221CCaoimhe
12%
303KKeeva
12%
331MMacey
12%
335MMurron
12%
279AArla
11%
491DDakota
11%
128OOrlaith
11%
245CCharley
10%
313ZZuzanna
10%
318DDarci
9%
325JJuno
9%
301KKaia
9%
386KKaya
9%
266LLexie
9%
333MMairi
9%
334MMilana
9%
425RRemy
9%
470TTheodora
9%
492DDalia
8%
179DDarcey
8%
381EElspeth
8%
350EEmelia
8%
450HHana
8%
267LLilah
8%
177MMaja
8%
307MMorven
8%
398SStevie
8%
380EMElla-Mae
7%
382GGabriela
7%
326KKady
7%
456KKhadijah
7%
388KKiana
7%
306MMeadow
7%
462MMhairi
7%
182OOrlagh
7%
237RRomy
7%
468SSunny
7%
91AAyda
6%
404BBlossom
6%
353FFearne
6%
498HHalima
6%
338PPerrie
6%
473AAine
5%
374AAyesha
5%
321FFallon
5%
420MMaeva
5%
309NNoor
5%
201RReeva
5%
202ZZofia
5%
474AAiza
4%
478AAlivia
4%
401AAndi
4%
345AArwen
4%
347BBlaire
4%
379DDua
4%
499HHania
4%
298HHaniya
4%
262IIslay
4%
358JJoni
4%
359KKacey
4%
332MMairead
4%
336MMyah
4%
311RRomi
4%
370ZZoya
4%
475AAlayah
3%
480AAmirah
3%
481AAntonina
3%
483AAva-Grace
3%
244AAyat
3%
486BBlythe
3%
493EElyse
3%
460LLylah
3%
218MMylah
3%
310PPola
3%
342AAildh
2%
482AArwa
2%
443AAvah
2%
346AAyra
2%
317BBreagha
2%
446EREsme-Rose
2%
448FFerne
2%
497HHadiya
2%
454JJannat
2%
383JJorgie
2%
394NNieve
2%
441AAurla
1%
452IIga
1%
461MMalak
1%
369VValia
1%

Score Distribution

Percentile by Number Answered

Percent of People with Each Score

Your Score History

You have not taken this quiz